Christian ethics : (Record no. 8284)

MARC details
000 -LEADER
fixed length control field 01347cam a2200325 i 4500
001 - CONTROL NUMBER
control field 19484487
003 - CONTROL NUMBER IDENTIFIER
control field GBCCL
005 - DATE AND TIME OF LATEST TRANSACTION
control field 20241126110647.0
008 - FIXED-LENGTH DATA ELEMENTS--GENERAL INFORMATION
fixed length control field 170207s2017 ilu 001 0 eng
010 ## -
-- 2017005115
020 ## - INTERNATIONAL STANDARD BOOK NUMBER
International Standard Book Number 9780830840236 (print : alk. paper)
040 ## - CATALOGING SOURCE
Original cataloging agency DLC
Language of cataloging eng
Transcribing agency DLC
Description conventions rda
Modifying agency DLC
042 ## -
-- pcc
050 00 -
-- BJ1251
-- .C496 2017
082 00 - DEWEY DECIMAL CLASSIFICATION NUMBER
Classification number 241
Edition information 23
Item number CHR
245 00 - TITLE STATEMENT
Title Christian ethics :
Remainder of title four views /
Statement of responsibility, etc. edited by Steve Wilkens ; contributions by Brad J. Kallenberg, Claire Brown Peterson, John Hare, and Peter Goodwin Heltzel.
264 #1 - PRODUCTION, PUBLICATION, DISTRIBUTION, MANUFACTURE, AND COPYRIGHT NOTICE
Place of production, publication, distribution, manufacture Downers Grove, Illinois :
Name of producer, publisher, distributor, manufacturer IVP Academic, an imprint of InterVarsity Press,
Date of production, publication, distribution, manufacture, or copyright notice [2017]
300 ## - PHYSICAL DESCRIPTION
Extent 221 pages ;
Dimensions 23 cm.
336 ## - CONTENT TYPE
Content type term text
Content type code txt
Source rdacontent
337 ## - MEDIA TYPE
Media type term unmediated
Media type code n
Source rdamedia
338 ## - CARRIER TYPE
Carrier type term volume
Carrier type code nc
Source rdacarrier
490 0# - SERIES STATEMENT
Series statement Spectrum multiview book
500 ## - GENERAL NOTE
General note Includes index.
650 #0 - SUBJECT ADDED ENTRY--TOPICAL TERM
Topical term or geographic name entry element Christian ethics.
9 (RLIN) 68
700 1# - ADDED ENTRY--PERSONAL NAME
Personal name Wilkens, Steve,
Dates associated with a name 1955-
Relator term editor.
9 (RLIN) 14419
776 08 - ADDITIONAL PHYSICAL FORM ENTRY
Relationship information Online version:
Title Christian ethics
Place, publisher, and date of publication Downers Grove : InterVarsity Press, 2017
International Standard Book Number 9780830891573
Record control number (DLC) 2017008469
906 ## - LOCAL DATA ELEMENT F, LDF (RLIN)
a 7
b cbc
c orignew
d 1
e ecip
f 20
g y-gencatlg
942 ## - ADDED ENTRY ELEMENTS (KOHA)
Source of classification or shelving scheme Dewey Decimal Classification
Koha item type Books
Koha issues (borrowed), all copies 12
Holdings
Withdrawn status Lost status Source of classification or shelving scheme Damaged status Not for loan Home library Current Library Shelving location Date acquired Source of acquisition Cost, normal purchase price Total checkouts Full call number Barcode Date last seen Date last checked out Copy number Cost, replacement price Price effective from Koha item type
    Dewey Decimal Classification     GRACE BIBLE COLLEGE GRACE BIBLE COLLEGE Theology 2019-11-12 18 989.00 2 241 CHR 013715 2025-05-01 2023-02-07 c.1 1150.00 2019-11-12 Books
    Dewey Decimal Classification     GRACE BIBLE COLLEGE GRACE BIBLE COLLEGE Theology 2019-11-12 18 989.00   241 CHR 013716 2025-05-01   c.2 1150.00 2019-11-12 Books
    Dewey Decimal Classification     GRACE BIBLE COLLEGE GRACE BIBLE COLLEGE Theology 2019-11-12 18 989.00 4 241 CHR 013717 2025-09-30 2025-09-29 c.3 1150.00 2019-11-12 Books
    Dewey Decimal Classification     GRACE BIBLE COLLEGE GRACE BIBLE COLLEGE Theology 2019-11-12 18 989.00 8 241 CHR 013718 2025-09-08 2025-09-01 c.4 1150.00 2019-11-12 Books
© Grace Bible College Library 2025